En quelle langue est le mot «FROMAGE»? - Statistiques

Statistiques générales
  • Ce quiz a été pris 228 fois
  • Le résultat moyen est 11 sur 15
Statistiques - réponses
Hint Réponse % Correct
Cheese Anglais
99%
Fromage Français
99%
Formaggio Italien
98%
جبن Arabe
97%
Queso Espagnol
90%
치즈 Coréen
85%
ชีส Thaï
84%
奶酪 Chinois
79%
Caseum Latin
73%
сыр Russe
72%
τυρί Grec
51%
сира Serbe
39%
Brânză Roumain
37%
Peynir Turc
37%
Sajt Hongrois
34%
Aucun quiz correspondant
Distribution des résultats
% des personnes avec chaque résultat
Percentile par nombre de réponses
Votre historique - résultats
Vous n’avez pas pris ce quiz